1588 1923 1664 1847 1136 1784 1245 1480 1576 1634 1470 1838 1487 1678 1819 1881 1239 1429 1938 1338 1507 1794 1844 1301 1629 1090 1397 1447 1314 1112 1767 1539 1795 1909 1243 1807 1369 1503 1875 1633 1740 1603 1650 1022 1174 1096 1126 1948 1604 1655 1102 1597 1062 1685 1905 1442 1040 1783 1095 1655 1940 1210 1387 1989 1012 1837 1104 1588 1534 1105 1590 1083 1592 1321 1672 1956 1727 1677 1323 1103 1308 1452 1374 1580 1312 1347 1231 1532 1297 1510 1829 1580 1632 1670 1922 1291 1714 1642 1782 BCNSPRNW ULIB Ver.6.0+V

เปลี่ยนเป็นภาษาไทย

Change to English
 แสดงรายละเอียดบรรณานุกรม
  กลับหน้าหลัก

Brief Record : Get Marc (ISO 2709) : E-mail record : QR code < ปิดหน้าต่าง
LEADER : 00000nam 2200000uu 4500
001    13399121339
003     ULIB
008    121115s2548||||th 000 0 tha d
099    วจ.WY18^bป443ก
100 0  ปราจิณ คำบุญ และคนอื่นๆ
245 00 การศึกษารูปแบบการเตรียมความพร้อมก่อนสอบความรู้ผุ้ขอขึ้นทะเบียนและรับใบเป็นผู้ประกอบวิชาการพยาบาลและการผดุงครรภ์ของวิทยาลัยพยาบาล สังกัดสถาบันพระบรมราชชนก กระทรวงสาธารณสุข/^cปราจิณ คำบุญ และคนอื่นๆ
260    นครสวรรค์:^bวิทยาลัยพยาบาลบรมราชชนนี สวรรค์ประชารักษ์ นครสวรรค์,^c2548
300    59 แผ่น
945    ^p0^l0^i033085
995    เกษร
999    ^aใช้งานได้ทุกระบบ
รายการนี้ยังไม่มีแท็ก
คุณยังไม่ได้ล็อกอิน คุณสามารถมีกิจกรรมร่วมกับเว็บไซต์ได้ แต่ต้องล็อกอินก่อน ::
  ล็อกอิน

รายการสื่อสารสนเทศ

ลำดับที่ ประเภท เลขเรียก/บาร์โค้ด สถานที่ สถานะ
1. งานวิจัย
งานวิจัย
วจ.WY18 ป443ก  
  Barcode: 033085
ห้องสมุดวิทยาเขตสวรรค์ประชารักษ์
►วิจัย
บนชั้น

BibComment


ยังไม่เคยถูกคอมเมนท์

คอมเมนท์ทรัพยากรรายการนี้
  คอมเมนท์: การศึกษารูปแบบการ..


 Copyright 2026. Bcnsprnw @Library